Events and Sustainability/ (Record no. 356053)
[ view plain ]
| 000 -LEADER | |
|---|---|
| fixed length control field | 00342nam a2200109Ia 4500 |
| 008 - FIXED-LENGTH DATA ELEMENTS--GENERAL INFORMATION | |
| fixed length control field | 180305s9999 xx 000 0 und d |
| 020 ## - INTERNATIONAL STANDARD BOOK NUMBER | |
| International Standard Book Number | 9780415744508 |
| 100 ## - MAIN ENTRY--PERSONAL NAME | |
| Personal name | Holmes, Kirsten |
| 245 ## - TITLE STATEMENT | |
| Statement of responsibility, etc | Kirsten Holmes, Michael Hughes, Judith Mair, Jack Carlsen |
| Title | Events and Sustainability/ |
| 260 ## - PUBLICATION, DISTRIBUTION, ETC. (IMPRINT) | |
| Place of publication, distribution, etc | USA |
| Name of publisher, distributor, etc | Routledge |
| Date of publication, distribution, etc | 2015 |
| 300 ## - PHYSICAL DESCRIPTION | |
| Extent | vii, 206 Pages |
| Withdrawn status | Lost status | Damaged status | Home library | Current library | Shelving location | Date acquired | Source of acquisition | Total Checkouts | Full call number | Barcode | Date last seen | Price effective from | Koha item type |
|---|---|---|---|---|---|---|---|---|---|---|---|---|---|
| College Library | College Library | Reserve Section | 03/05/2018 | GT 3405 .H65 2015 | c21303 | 05/15/2018 | 03/05/2018 | Books |